| 000 | 00652nam a2200193 i 4500 | ||
|---|---|---|---|
| 001 | 184914 | ||
| 003 | ES-MaACL | ||
| 005 | 20250905163737.0 | ||
| 008 | 160218s1965 sp |||| | spa d | ||
| 100 | 1 |
_aMartí i Coll, Antoni. _9158805 |
|
| 245 | 1 | 0 |
_aDomingo de Caralt / _cAntonio Martí Coll. |
| 260 |
_aMataro : _bCaja de Ahorros de Mataró, _c1965. |
||
| 300 |
_a168, IV p. de lám. ; _c22 cm. |
||
| 504 | _aReferencias bibliográficas. | ||
| 600 | 1 | 7 |
_aCaralt i Plàcies, Domènec de, _d1781-1836 _2 _9158806 |
| 651 | 4 |
_aEspaña- _xHistoria- _y1814-1833, Fernando VII _98248 |
|
| 852 |
_aES-MaACL _jC-28242 |
||
| 999 |
_c184914 _d184914 |
||